000 00218 a2200097 4500
001 15098
100 _aJathar K.G
245 _aIndian economics
260 _aLondon
_bOxford university press
_c
090 _c11849
_d11849
942 _aNUST-CAE
_cM
_c2057
999 _c250171
_d250171